Language Quiz

Random Language or French Quiz

French: Body Parts Quiz Stats

 Plays Quiz Updated May 31, 2019

Score 0/30 Timer 06:00
15 Plays Today
English French % Correct
HeadUne Tête
88.8%
EyesDes Yeux
80.8%
MouthUne Bouche
80.4%
HandUne Main
77.3%
NoseUn Nez
75.8%
HairDes Cheveux
75.1%
FootUn Pied
74.4%
Tooth Une Dent
73.6%
BodyUn Corps
73.1%
FaceUn Visage
72.8%
LegUne Jambe
67.2%
ArmUn Bras
65.8%
EarUne Oreille
65%
EyeUn Oeil
54.6%
BackUn Dos
54.5%
English French % Correct
FingerUn Doigt
52.1%
SkinUne Peau
51.3%
NeckUn Cou
49.3%
TongueUne Langue
45.9%
ShoulderUne Épaule
44.3%
KneeUn Genou
43.3%
LipUne Lèvre
41%
ChestUne Poitrine
28.4%
ToeUn Orteil
27.7%
Cheek Une Joue
26.4%
FingernailUn Ongle
26.2%
ElbowUn Coude
24.2%
ThumbUn Pouce
23.2%
AnkleUne Cheville
22.1%
WristUn Poignet
19.2%

You're not logged in!

Compare scores with friends on all Sporcle quizzes.
OR
Log In

Show Comments

Extras

Top Quizzes Today


Score Distribution

Your Account Isn't Verified!

In order to create a playlist on Sporcle, you need to verify the email address you used during registration. Go to your Sporcle Settings to finish the process.

Report this User

Report this user for behavior that violates our Community Guidelines.

Details: